[Event "Wch Seniors 65 28th"]
[Site "Bled"]
[Date "2018.11.25"]
[Round "7"]
[White "Ofstad, Per"]
[Black "Cordioli, Jairo Ribeiro"]
[Result "1-0"]
[WhiteElo "2064"]
[BlackElo "1804"]
[PlyCount "52"]
[EventDate "2018.11.18"]
[EventType "swiss"]
[EventRounds "11"]
[EventCountry "SLO"]
[SourceTitle "CBM 187 Extra"]
[Source "ChessBase"]
[SourceDate "2018.11.04"]
[SourceVersion "1"]
[SourceVersionDate "2018.11.04"]
[SourceQuality "1"]

1. e4 c5 2. Nf3 d6 3. Nc3 Nc6 4. d4 cxd4 5. Nxd4 Bd7 6. Be3 Nf6 7. Be2 g6 8. 0-0 Bg7 9. f4 0-0 10. Bf3 Nxd4 11. Bxd4 Bc6 12. Qd2 e5 13. Be3 exf4 14. Bxf4 Qb6+ 15. Kh1 Qxb2 16. Rab1 Qa3 17. Bxd6 Rfd8 18. e5 Ne8 19. Bxc6 bxc6 20. Ne4 Nxd6 21. exd6 f5 22. Rb7 fxe4 23. Rff7 Bf8 24. Qf4 Qxa2 25. Qf6 Qb1+ 26. Rxb1 Rxd6 1-0

[Event "Wch Seniors 65 26th"]
[Site "Marianske Lazne"]
[Date "2016.11.30"]
[Round "11"]
[White "Ofstad, Per"]
[Black "Vitek, Vaclav"]
[Result "1/2-1/2"]
[WhiteElo "2129"]
[BlackElo "1999"]
[PlyCount "43"]
[EventDate "2016.11.19"]
[EventType "swiss"]
[EventRounds "11"]
[EventCountry "CZE"]
[SourceTitle "EXT 2018"]
[Source "ChessBase"]
[SourceDate "2017.10.13"]
[SourceVersion "1"]
[SourceVersionDate "2017.10.13"]
[SourceQuality "1"]

1. e4 c6 2. d4 g6 3. Nf3 Bg7 4. Nc3 d6 5. h3 Nd7 6. a4 a5 7. Bc4 Nb6 8. Bb3 d5 9. 0-0 dxe4 10. Nxe4 Nd5 11. Re1 Ngf6 12. Qe2 0-0 13. Ne5 Nxe4 14. Qxe4 Be6 15. Qh4 Bf6 16. Qg3 Nc7 17. Bh6 Re8 18. Rad1 Qc8 19. Bxe6 Nxe6 20. c3 Ng7 21. Bxg7 Bxg7 22. Qf3 1/2-1/2

[Event "Wch Seniors 65 26th"]
[Site "Marianske Lazne"]
[Date "2016.11.27"]
[Round "8"]
[White "Ruckschloss, Karol"]
[Black "Ofstad, Per"]
[Result "1/2-1/2"]
[WhiteElo "2255"]
[BlackElo "2129"]
[PlyCount "35"]
[EventDate "2016.11.19"]
[EventType "swiss"]
[EventRounds "11"]
[EventCountry "CZE"]
[SourceTitle "CBM 175 Extra"]
[Source "ChessBase"]
[SourceDate "2016.12.12"]
[SourceVersion "1"]
[SourceVersionDate "2016.12.12"]
[SourceQuality "1"]

1. c4 c5 2. Nc3 Nf6 3. e4 Nc6 4. f4 d6 5. Nf3 e5 6. d3 Be7 7. Be2 Bg4 8. 0-0 Qd7 9. Nd5 Bxf3 10. Bxf3 Nd4 11. Rb1 Nxd5 12. cxd5 Bf6 13. Bg4 Qb5 14. b3 0-0 15. Be3 exf4 16. Bxf4 Be5 17. g3 a5 18. Qd2 1/2-1/2

[Event "Wch Seniors 65 26th"]
[Site "Marianske Lazne"]
[Date "2016.11.22"]
[Round "4"]
[White "Horak, Miroslav1"]
[Black "Ofstad, Per"]
[Result "1/2-1/2"]
[WhiteElo "1686"]
[BlackElo "2129"]
[PlyCount "33"]
[EventDate "2016.11.19"]
[EventType "swiss"]
[EventRounds "11"]
[EventCountry "CZE"]
[SourceTitle "CBM 175 Extra"]
[Source "ChessBase"]
[SourceDate "2016.12.12"]
[SourceVersion "1"]
[SourceVersionDate "2016.12.12"]
[SourceQuality "1"]

1. e4 e5 2. Nf3 Nc6 3. Bb5 a6 4. Ba4 Nf6 5. 0-0 Nxe4 6. d4 b5 7. Bb3 d5 8. dxe5 Be6 9. c3 Bc5 10. Nbd2 0-0 11. Bc2 Nxf2 12. Rxf2 f6 13. Nb3 Bxf2+ 14. Kxf2 fxe5 15. Kg1 e4 16. Nfd4 Qf6 17. Be3 1/2-1/2

[Event "Wch Seniors 65 26th"]
[Site "Marianske Lazne"]
[Date "2016.11.19"]
[Round "1"]
[White "Ofstad, Per"]
[Black "Usselman, Paul"]
[Result "0-1"]
[WhiteElo "2129"]
[BlackElo "1798"]
[PlyCount "48"]
[EventDate "2016.11.19"]
[EventType "swiss"]
[EventRounds "11"]
[EventCountry "CZE"]
[SourceTitle "CBM 175 Extra"]
[Source "ChessBase"]
[SourceDate "2016.12.12"]
[SourceVersion "1"]
[SourceVersionDate "2016.12.12"]
[SourceQuality "1"]

1. e4 c5 2. Nc3 a6 3. Nf3 b5 4. d4 cxd4 5. Nxd4 Bb7 6. Bd3 e6 7. 0-0 Qc7 8. Re1 Be7 9. a3 Nf6 10. Bd2 d6 11. Qe2 Nbd7 12. Rad1 Ne5 13. Bc1 h5 14. Nf3 Nc4 15. b3 Ne5 16. Bb2 Nxf3+ 17. Qxf3 Ng4 18. Ne2 d5 19. Ng3 Nxh2 20. Kxh2 h4 21. Kg1 hxg3 22. Qxg3 Qxg3 23. fxg3 Bc5+ 24. Kf1 dxe4 0-1

[Event "Bad Woerishofen Seniors op 30th"]
[Site "Bad Woerishofen"]
[Date "2014.03.26"]
[Round "6"]
[White "Johnsen, Oystein"]
[Black "Ofstad, Per"]
[Result "0-1"]
[WhiteElo "2048"]
[BlackElo "2164"]
[PlyCount "120"]
[EventDate "2014.03.21"]
[EventType "swiss"]
[EventRounds "9"]
[EventCountry "GER"]
[SourceTitle "EXT 2019"]
[Source "ChessBase"]
[SourceDate "2018.10.10"]
[SourceVersion "1"]
[SourceVersionDate "2018.10.10"]
[SourceQuality "1"]

1. Nf3 d5 2. d4 Nf6 3. e3 c6 4. Bd3 Bg4 5. Nbd2 Nbd7 6. c4 e6 7. 0-0 Bd6 8. h3 Bh5 9. cxd5 exd5 10. b3 0-0 11. Bb2 Re8 12. Qc2 Qe7 13. Rae1 Ne4 14. Rc1 Rac8 15. Be2 Bg6 16. Nxe4 Bxe4 17. Qd1 Bc7 18. g3 Bd6 19. Bd3 Qf6 20. Bxe4 Rxe4 21. Kg2 Qg6 22. Qd3 f5 23. Nd2 Re6 24. Rce1 Rce8 25. Bc1 Nf6 26. Nf3 Ne4 27. Nh4 Qg5 28. Nf3 Qe7 29. Nd2 Qc7 30. f4 Bb4 31. a3 Bxd2 32. Bxd2 Rg6 33. Rf3 Qe7 34. Rg1 Qxa3 35. Kh2 h5 36. Rg2 Qe7 37. Be1 Re6 38. Re2 g6 39. b4 Nd6 40. Kg2 Nc4 41. Bd2 Kg7 42. Re1 Nd6 43. g4 Ne4 44. g5 Nd6 45. Rf2 Nb5 46. Rfe2 Rd6 47. Kf2 Qe4 48. Qxe4 Rxe4 49. Ra1 Rd8 50. Ree1 Kf7 51. Rec1 Ke7 52. Ra2 Kd7 53. Ra5 a6 54. Ra2 Rde8 55. Re1 Nd6 56. Bc1 Nc4 57. Rae2 Kc7 58. Bd2 Nb2 59. Rb1 Nd3+ 60. Kg3 Nxf4 0-1

[Event "Wch Seniors 23rd"]
[Site "Opatija"]
[Date "2013.11.21"]
[Round "9"]
[White "Skok, Joze"]
[Black "Ofstad, Per"]
[Result "1/2-1/2"]
[WhiteElo "2003"]
[BlackElo "2181"]
[PlyCount "133"]
[EventDate "2013.11.12"]
[EventType "swiss"]
[EventRounds "11"]
[EventCountry "CRO"]
[SourceTitle "CBM 157 Extra"]
[Source "ChessBase"]
[SourceDate "2013.12.19"]
[SourceVersion "1"]
[SourceVersionDate "2013.12.19"]
[SourceQuality "1"]

1. e4 e5 2. Nf3 Nc6 3. Bb5 a6 4. Ba4 Nf6 5. d4 Nxe4 6. 0-0 b5 7. Bb3 d5 8. Nxe5 Nxe5 9. dxe5 Be6 10. Be3 Bc5 11. Qd3 c6 12. f3 Qb6 13. fxe4 Bxe3+ 14. Kh1 0-0 15. exd5 cxd5 16. Nc3 d4 17. Nd5 Qc5 18. Nxe3 Bxb3 19. axb3 dxe3 20. Rf3 Qxe5 21. Rxe3 Qxb2 22. Rf1 Rad8 23. Qe2 Qd4 24. Rd3 Qb6 25. Rfd1 Rde8 26. Qf3 Re6 27. Rd7 Rf6 28. Qd5 h6 29. h3 Qc6 30. Qd2 Qc5 31. Rd4 Re8 32. c4 bxc4 33. bxc4 Qe5 34. Rd8 Rxd8 35. Qxd8+ Kh7 36. Qd3+ g6 37. Qd5 Qxd5 38. Rxd5 Kg7 39. Rd7 Rc6 40. Ra7 Kf6 41. Kg1 Ke5 42. Rxf7 Rxc4 43. Re7+ Kf6 44. Ra7 Rc6 45. Kf2 h5 46. h4 Kf5 47. Rd7 Re6 48. Kf3 Rb6 49. Rd5+ Kf6 50. Ra5 Ke7 51. Rg5 Re6 52. Ra5 Kd7 53. g4 hxg4+ 54. Kxg4 Kc7 55. Ra1 Kb6 56. Rb1+ Kc5 57. Rc1+ Kb4 58. Rb1+ Kc3 59. Ra1 Kb2 60. Ra5 Rb6 61. Kg5 Kc2 62. Kh6 Kb3 63. Rg5 Rb4 64. Rg3+ Kb2 65. Rg2+ Ka3 66. Rg3+ Kb2 67. Rg2+ 1/2-1/2

[Event "Wch Seniors 23rd"]
[Site "Opatija"]
[Date "2013.11.15"]
[Round "4"]
[White "Ofstad, Per"]
[Black "Belistri, Ubaldo"]
[Result "1-0"]
[WhiteElo "2181"]
[BlackElo "2016"]
[PlyCount "64"]
[EventDate "2013.11.12"]
[EventType "swiss"]
[EventRounds "11"]
[EventCountry "CRO"]
[SourceTitle "CBM 157 Extra"]
[Source "ChessBase"]
[SourceDate "2013.12.19"]
[SourceVersion "1"]
[SourceVersionDate "2013.12.19"]
[SourceQuality "1"]

1. e4 e6 2. d4 d5 3. Nd2 Nf6 4. e5 Nfd7 5. Bd3 c5 6. c3 cxd4 7. cxd4 Nc6 8. Ne2 Be7 9. 0-0 0-0 10. Nf3 f5 11. exf6 Nxf6 12. Nc3 Bd7 13. Qe2 Qe8 14. Bf4 Qh5 15. Bg3 g5 16. Rad1 Rf7 17. Ne5 Qxe2 18. Bxe2 Nxe5 19. Bxe5 a6 20. f4 gxf4 21. Rxf4 Raf8 22. Rdf1 Ne8 23. Rxf7 Rxf7 24. Rxf7 Kxf7 25. Bh5+ Kf8 26. Bg4 Bf6 27. Nxd5 Bg5 28. Kf2 h5 29. Nb6 hxg4 30. Nxd7+ Ke7 31. Nc5 Nd6 32. Bxd6+ Kxd6 1-0

[Event "EU-chT Seniors"]
[Site "Rogaska Slatina"]
[Date "2012.04.04"]
[Round "9.1"]
[White "Ofstad, Per"]
[Black "Mishuchkov, Nikolai Mikhailovic"]
[Result "0-1"]
[WhiteElo "2190"]
[BlackElo "2431"]
[PlyCount "46"]
[EventDate "2012.03.27"]
[EventType "team-swiss"]
[EventRounds "9"]
[EventCountry "SLO"]
[SourceTitle "CBM 147 Extra"]
[Source "ChessBase"]
[SourceDate "2012.04.24"]
[SourceVersion "1"]
[SourceVersionDate "2012.04.24"]
[SourceQuality "1"]
[WhiteTeam "Norway (Seniors)"]
[BlackTeam "Russia (Seniors)"]
[WhiteTeamCountry "NOR"]
[BlackTeamCountry "RUS"]

1. e4 c5 2. Nc3 Nc6 3. f4 g6 4. Nf3 Bg7 5. Bc4 e6 6. 0-0 Nge7 7. d3 0-0 8. a3 d5 9. Ba2 dxe4 10. Nxe4 b6 11. Rb1 a5 12. Qe1 Nf5 13. Bd2 Ncd4 14. Nxd4 Bxd4+ 15. Kh1 Bb7 16. Rf3 Bd5 17. Bc4 Bg7 18. Be3 Nd4 19. Bxd4 Bxd4 20. Rg3 Ra7 21. a4 Re7 22. Qd2 Bg7 23. b3 Bxe4 0-1

[Event "Nordic-ch Seniors"]
[Site "Reykjavik"]
[Date "2011.09.18"]
[Round "9"]
[White "Ofstad, Per"]
[Black "Taksrud, Vidar"]
[Result "1-0"]
[WhiteElo "2182"]
[BlackElo "2074"]
[PlyCount "149"]
[EventDate "2011.09.10"]
[EventType "swiss"]
[EventRounds "9"]
[EventCountry "ISL"]
[SourceTitle "CBM 144 Extra"]
[Source "ChessBase"]
[SourceDate "2011.10.28"]
[SourceVersion "1"]
[SourceVersionDate "2011.10.28"]
[SourceQuality "1"]

1. e4 d6 2. d4 Nf6 3. Nc3 g6 4. Nf3 Bg7 5. h3 c5 6. dxc5 Qa5 7. Bd3 Qxc5 8. 0-0 0-0 9. Be3 Qa5 10. Qd2 Nc6 11. a3 Be6 12. Bh6 Qh5 13. Bxg7 Kxg7 14. Ng5 Bd7 15. Be2 Qh6 16. f4 Nh5 17. Bxh5 Qxh5 18. Rae1 h6 19. Nf3 Qc5+ 20. Kh1 Rac8 21. Nd5 e6 22. b4 Qb5 23. Ne3 Rfd8 24. c4 Qh5 25. Kh2 g5 26. f5 f6 27. b5 Ne5 28. Nxe5 dxe5 29. Qb4 exf5 30. exf5 Qe8 31. Rd1 Qf8 32. Rd6 Be8 33. Rfd1 Rxd6 34. Rxd6 Bf7 35. Qd2 h5 36. a4 Rc7 37. a5 e4 38. Qd4 Qe7 39. c5 Rc8 40. c6 bxc6 41. bxc6 Qe5+ 42. Qxe5 fxe5 43. g4 h4 44. Kg1 Be8 45. Nd5 Rxc6 46. Rxc6 Bxc6 47. Ne3 Kf6 48. Kf2 a6 49. Nd1 Bd7 50. Ke3 Ke7 51. Nf2 Bb5 52. Kxe4 Kd6 53. Ke3 Bf1 54. Ne4+ Ke7 55. f6+ Kf7 56. Kf2 Bd3 57. Nxg5+ Kxf6 58. Nf3 e4 59. Nxh4 Kg5 60. Ng2 Bb5 61. Kg3 Bf1 62. h4+ Kf6 63. Ne3 Bd3 64. Kf4 Ke6 65. h5 Be2 66. h6 Kf6 67. g5+ Kg6 68. Ng4 Bd1 69. Ne5+ Kh7 70. Kxe4 Bc2+ 71. Kd5 Bd1 72. Ke6 Bb3+ 73. Kf6 Bd5 74. g6+ Kxh6 75. Nf7+ 1-0

[Event "Fagernes Norsk op-A"]
[Site "Fagernes"]
[Date "2011.04.23"]
[Round "8"]
[White "Ofstad, Per"]
[Black "Westerinen, Heikki MJ"]
[Result "0-1"]
[WhiteElo "2194"]
[BlackElo "2358"]
[PlyCount "24"]
[EventDate "2011.04.17"]
[EventType "swiss"]
[EventRounds "9"]
[EventCountry "NOR"]
[SourceTitle "CBM 141 Extra"]
[Source "ChessBase"]
[SourceDate "2011.05.03"]
[SourceVersion "1"]
[SourceVersionDate "2011.05.03"]
[SourceQuality "1"]

1. e4 Nf6 2. Nc3 d5 3. exd5 Nxd5 4. Nxd5 Qxd5 5. d4 Nc6 6. Be3 e5 7. dxe5 Qxe5 8. Qe2 Be6 9. Qb5 Bb4+ 10. Kd1 Qxb2 11. Rc1 0-0-0+ 12. Bd3 Rd5 0-1

[Event "Fagernes Norsk op-A"]
[Site "Fagernes"]
[Date "2011.04.18"]
[Round "2"]
[White "Ofstad, Per"]
[Black "Richter, Michael"]
[Result "0-1"]
[WhiteElo "2194"]
[BlackElo "2486"]
[PlyCount "130"]
[EventDate "2011.04.17"]
[EventType "swiss"]
[EventRounds "9"]
[EventCountry "NOR"]
[SourceTitle "CBM 141 Extra"]
[Source "ChessBase"]
[SourceDate "2011.05.03"]
[SourceVersion "1"]
[SourceVersionDate "2011.05.03"]
[SourceQuality "1"]

1. e4 e6 2. d4 d5 3. Nd2 a6 4. Bd3 c5 5. c3 Nc6 6. dxc5 Bxc5 7. Ngf3 Nge7 8. 0-0 0-0 9. Qe2 Ng6 10. Nb3 Bd6 11. Be3 Qc7 12. exd5 exd5 13. h3 Nf4 14. Bxf4 Bxf4 15. Rad1 g6 16. Bc2 Be6 17. Rfe1 Rae8 18. Qf1 Bh6 19. Nbd4 Kh8 20. Ba4 b5 21. Nxc6 bxa4 22. Ncd4 Qb6 23. Qd3 Bc8 24. b4 axb3 25. axb3 Bb7 26. Ne5 Qc7 27. Qg3 Rc8 28. Rd3 Bg7 29. Nef3 Qxg3 30. fxg3 Rfe8 31. Rxe8+ Rxe8 32. g4 Bf6 33. Kf2 Kg7 34. b4 a5 35. bxa5 Ra8 36. Nb3 Ba6 37. Re3 Bc4 38. Nfd4 Rb8 39. Nd2 Rb2 40. N4f3 Ra2 41. Kg3 Bb5 42. Nb3 Bd8 43. Nfd4 Bf1 44. Re1 Bc7+ 45. Kf3 Bxg2+ 46. Ke3 Bxh3 47. Rg1 g5 48. Nc6 Ra3 49. Ncd4 Kg6 50. Kd3 Bxa5 51. Nxa5 Rxa5 52. Nc6 Ra4 53. Ne7+ Kg7 54. Nf5+ Kf6 55. Ne3 h5 56. gxh5 Bf5+ 57. Nxf5 Kxf5 58. Rf1+ Rf4 59. Rxf4+ gxf4 60. Ke2 Kg5 61. Kf3 f5 62. h6 Kxh6 63. Kxf4 Kg6 64. Ke5 Kg5 65. Kxd5 f4 0-1

[Event "Fagernes Norsk op-A"]
[Site "Fagernes"]
[Date "2011.04.17"]
[Round "4"]
[White "Ofstad, Per"]
[Black "Kjoita, Henning Jakhelln"]
[Result "1/2-1/2"]
[WhiteElo "2194"]
[BlackElo "1843"]
[PlyCount "118"]
[EventDate "2011.04.17"]
[EventType "swiss"]
[EventRounds "9"]
[EventCountry "NOR"]
[SourceTitle "CBM 141 Extra"]
[Source "ChessBase"]
[SourceDate "2011.05.03"]
[SourceVersion "1"]
[SourceVersionDate "2011.05.03"]
[SourceQuality "1"]

1. Nf3 c5 2. c4 Nc6 3. Nc3 g6 4. g3 Bg7 5. Bg2 d6 6. 0-0 e5 7. d3 Nge7 8. e4 0-0 9. Nh4 f5 10. f4 Bf6 11. Nf3 exf4 12. Bxf4 Be6 13. Ng5 Bc8 14. h4 Ne5 15. Qd2 N7c6 16. Nd5 Bg7 17. Rae1 Rb8 18. b3 a6 19. Nf3 fxe4 20. dxe4 Nxf3+ 21. Rxf3 Bg4 22. Rff1 b5 23. Bg5 Qd7 24. Nf6+ Bxf6 25. Bxf6 bxc4 26. bxc4 Ne5 27. Bxe5 dxe5 28. Qd5+ Be6 29. Qxe5 Qd4+ 30. Qxd4 cxd4 31. Rxf8+ Kxf8 32. Rd1 Bxc4 33. Rxd4 Bxa2 34. Ra4 Bb1 35. Rxa6 Rb4 36. Ra8+ Kf7 37. Ra7+ Kg8 38. Ra8+ Kf7 39. Ra7+ Kg8 40. e5 Be4 41. Bf1 Bd5 42. Kf2 Re4 43. Ra5 Be6 44. Bd3 Rd4 45. Ke3 Rg4 46. Ra8+ Kg7 47. Ra7+ Kg8 48. Kf2 Rd4 49. Ra6 Rxd3 50. Rxe6 Kf7 51. Rf6+ Kg7 52. Rd6 Rxd6 53. exd6 Kf6 54. Ke3 Ke6 55. Kf4 h6 56. h5 gxh5 57. d7 Kxd7 58. Kf5 Ke7 59. Kg6 h4 1/2-1/2